[Event "Santa Margalida Mallorca-ch"]
[Site "Santa Margalida"]
[Date "2016.12.03"]
[Round "8"]
[White "Tikhomirov, Daniel"]
[Black "Font Perello, Joan"]
[Result "0-1"]
[WhiteElo "1156"]
[BlackElo "1356"]
[PlyCount "104"]
[EventDate "2016.11.11"]
[EventType "swiss"]
[EventRounds "8"]
[EventCountry "ESP"]
[SourceTitle "EXT 2018"]
[Source "ChessBase"]
[SourceDate "2017.10.13"]
[SourceVersion "1"]
[SourceVersionDate "2017.10.13"]
[SourceQuality "1"]

1. e4 c5 2. Nf3 Nc6 3. d4 e6 4. Nc3 a6 5. d5 exd5 6. exd5 Nb4 7. a3 Nxd5 8. Qxd5 Nf6 9. Qg5 h6 10. Qh4 Be7 11. Bc4 d5 12. Ba2 c4 13. 0-0 g5 14. Qd4 0-0 15. Rd1 Be6 16. b3 b5 17. a4 b4 18. Ne2 c3 19. Ne5 Rc8 20. Qa7 a5 21. Nd4 Bc5 22. Nxe6 fxe6 23. Qa6 Re8 24. Qb7 Re7 25. Qb5 Qc7 26. Re1 Ne4 27. Nd3 Rb8 28. Qa6 Ba7 29. Nc5 Qxc5 30. Be3 Qc7 31. Bxa7 Ra8 32. Bb6 Qc6 33. Qe2 Qxb6 34. Rf1 Rf8 35. Qe3 Qxe3 36. fxe3 Rxf1+ 37. Rxf1 Nd2 38. Rf2 e5 39. Rf6 Kg7 40. Ra6 Rf7 41. h3 h5 42. h4 g4 43. g3 Rf3 44. Kg2 Ne4 45. Rxa5 Rxg3+ 46. Kf1 Rf3+ 47. Ke1 g3 48. Rxd5 g2 49. Ke2 Rf5 50. Kd3 g1Q 51. Kxe4 Qg4+ 52. Kd3 e4+ 0-1